Gaming Quiz

Random Gaming or Pokémon Quiz

Pokemon Mystery Dungeon Seeds Quiz Stats

 Plays Quiz not verified by Sporcle

Challenge
Share
Tweet
Embed
Score 0/26 Timer 03:00
0 Plays Today
Types of Seeds % Correct
Reviver
87.8%
Sleep
79.8%
Blast
73.2%
Stun
63.4%
Plain
60.1%
Doom
59.2%
Joy
59.2%
Heal
57.3%
Warp
56.8%
Reviser
54.9%
Pure
48.8%
X-Eye
48.8%
Vile
42.7%
Types of Seeds % Correct
Violent
39.9%
Blinker
37.6%
Totter
36.2%
Dough
35.2%
Eyedrop
35.2%
Golden
35.2%
Life
33.8%
Slip
31.9%
Hunger
31%
Quick
29.1%
Dropeye
26.3%
Via
25.8%
Vanish
12.7%

You're not logged in!

Compare scores with friends on all Sporcle quizzes.
Join for Free
OR
Log In

You Might Also Like...

Show Comments

Extras

Created Jul 15, 2010ReportNominate
Tags:Pokémon Quiz, explorer, seed, sky

Top Quizzes Today


Score Distribution

Your Account Isn't Verified!

In order to create a playlist on Sporcle, you need to verify the email address you used during registration. Go to your Sporcle Settings to finish the process.

Report this User

Report this user for behavior that violates our Community Guidelines.

Details: